000 00231nam a2200097Ia 4500
001 815297
005 20250826171653.0
008 250824s9999 xx 000 0 und d
245 0 _aYİRMİ 5
_cSELCAN AYDIN
260 _bDESTEK YAYINLARI
999 _c815297
_d815297